Conferencia magistral: el futuro de la democracia electoral en las Américas /

Gardado en:
Detalles Bibliográficos
Autor Principal: Osvaldo, Hurtado
Formato: Texto
Etiquetas: Engadir etiqueta
Sen Etiquetas, Sexa o primeiro en etiquetar este rexistro!

MARC

LEADER 00000 a a2200000 04500
001 43584
003
040
100 |a Osvaldo, Hurtado  
245 |a Conferencia magistral:   |b el futuro de la democracia electoral en las Américas /  |c Hurtado Osvaldo  
773 |g páginas 27-36  
999 |c 20220  |d 20220